The Power of Specificity in Psychotherapy : When Therapy Works--And When It Doesn't.
In The Power of Specificity in Psychotherapy: When Therapy Works--And When It Doesn't Howard Bacal presents specificity theory, a contemporary process theory of psychotherapy that holds that therapy happens at the fit between the patient's particulartherapeutic needs and the therapist'...
Saved in:
| Main Author: | |
|---|---|
| Format: | eBook |
| Language: | English |
| Published: |
Lanham :
Rowman & Littlefield Pub. Group,
2011.
|
| Subjects: | |
| Online Access: | Ebook Central Academic Complete |
| Tags: |
Add Tag
No Tags, Be the first to tag this record!
|
| LEADER | 02684cam a2200421Mi 4500 | ||
|---|---|---|---|
| 001 | 13036086 | ||
| 005 | 20180205124101.0 | ||
| 006 | m o d | ||
| 007 | cr |n|---||||| | ||
| 008 | 110305s2011 xx o 000 0 eng d | ||
| 035 | |a (OCoLC)ocn705539015 | ||
| 035 | |a (NNC)13036086 | ||
| 040 | |a MERUC |b eng |e pn |c MERUC |d EBLCP |d CDX |d MHW |d OCLCQ |d OCLCF |d OCLCQ |d OCLCO |d OCLCQ |d MERUC |d ZCU | ||
| 019 | |a 781471701 | ||
| 020 | |a 9780765707710 | ||
| 020 | |a 0765707713 | ||
| 035 | |a (OCoLC)705539015 |z (OCoLC)781471701 | ||
| 050 | 4 | |a RC480.5 |b .B18 2011eb | |
| 082 | 0 | 4 | |a 616.89/14 |2 22 |
| 049 | |a ZCUA | ||
| 100 | 1 | |a Bacal, Howard A. | |
| 245 | 1 | 4 | |a The Power of Specificity in Psychotherapy : |b When Therapy Works--And When It Doesn't. |
| 260 | |a Lanham : |b Rowman & Littlefield Pub. Group, |c 2011. | ||
| 300 | |a 1 online resource (181 pages) | ||
| 336 | |a text |b txt |2 rdacontent | ||
| 337 | |a computer |b c |2 rdamedia | ||
| 338 | |a online resource |b cr |2 rdacarrier | ||
| 520 | |a In The Power of Specificity in Psychotherapy: When Therapy Works--And When It Doesn't Howard Bacal presents specificity theory, a contemporary process theory of psychotherapy that holds that therapy happens at the fit between the patient's particulartherapeutic needs and the therapist's capacity to respond to them, both of which will emerge and change within the unique process of each particular dyad. Specificity theory challenges the traditional method and epistemology of psychoanalysis, wherein the understanding of the patient and the therapeutic response are apprehended through rules and pre. | ||
| 505 | 0 | |a Preface; Chapter 01. The Need for a New Theory of Therapy; Chapter 02. The Use of Theory in Psychoanalytic Practice; Chapter 03. How Specificity Theory Changes Clinical Practice; Chapter 04. The Neurobiological Substrate of Specificity Theory; Chapter 05. The Evolution of Specificity Theory: A Professional and Personal Odyssey; Chapter 06. The Foundational Perspectives of Specificity Theory; Chapter 07. Clinical Consequences of the Shift from the Universality of Structure to the Specificity of Process. | |
| 588 | 0 | |a Print version record. | |
| 650 | 0 | |a Psychotherapy. | |
| 650 | 0 | |a Psychoanalysis. | |
| 650 | 7 | |a Psychoanalysis. |2 fast |0 (OCoLC)fst01081235 | |
| 650 | 7 | |a Psychotherapy. |2 fast |0 (OCoLC)fst01081755 | |
| 655 | 4 | |a Electronic books. | |
| 776 | 0 | 8 | |i Print version: |a Bacal, Howard A. |t Power of Specificity in Psychotherapy : When Therapy Works--And When It Doesn't. |d Lanham : Rowman & Littlefield Publishing Group, Inc., ©2011 |z 9780765707697 |
| 856 | 4 | 0 | |u http://www.columbia.edu/cgi-bin/cul/resolve?clio13036086 |z Ebook Central Academic Complete |
| 852 | 8 | |b lweb |h EBOOKS | |


